50 Biggest Cities in Nordic Countries on a Blank Map - Statistics

General Stats
  • This quiz has been taken 14,111 times
  • The average score is 19 of 50
Answers on the Map
Answers color-coded by a green-red scale on the quiz's map according to % correct below.
 
Answer Stats
City Population % Correct
Oslo 699 827
99%
Helsinki 658 457
98%
Stockholm 978 770
98%
Copenhagen 644 431
97%
Reykjavik 134 602
89%
Malmö 351 749
87%
Gothenburg 587 549
85%
Bergen 286 930
84%
Aarhus 282 910
69%
Trondheim 210 496
63%
Uppsala 237 596
59%
Tampere 244 223
56%
Turku 195 137
54%
Aalborg 119 219
53%
Oulu 209 551
53%
Stavanger 144 699
47%
Odense 180 760
46%
Espoo 297 132
40%
Linköping 165 527
35%
Helsingborg 150 109
34%
Jönköping 143 579
34%
Norrköping 144 458
33%
Umeå 130 997
33%
Kristiansand 113 737
32%
Örebro 156 987
30%
Lund 127 376
27%
Västerås 156 838
26%
Vantaa 239 206
25%
Lahti 120 027
24%
Drammen 102 273
23%
Jyväskylä 144 473
22%
Kuopio 121 543
20%
Gävle 103 136
18%
Karlstad 95 408
18%
Växjö 95 995
17%
Sundsvall 99,383
15%
Halmstad 104 573
14%
Borås 114 091
13%
Kristianstad 86 641
12%
Södertälje 101 209
12%
Eskilstuna 107 593
11%
Frederiksberg 104 899
7%
Lillestrom 89 095
7%
Asker 96 088
6%
Bærum 128 982
6%
Huddinge 113 951
5%
Nacka 108 234
4%
Botkyrka 95 318
3%
Haninge 95 658
3%
Kungsbacka 85 301
3%
No matching quizzes found
Score Distribution
Percent of People with Each Score
Percentile by Number Answered
Your Score History
You have not taken this quiz